Glaciar Perito Moreno.

Guardado en:
Formato: Deslizar
Series:Rutas argentinas
Materias:
Etiquetas: Agregar Etiqueta
Sin Etiquetas, Sea el primero en etiquetar este registro!
LEADER 00953ngm a22002775g 4500
001 CEM.cems022611
008 130507b2001##################0###0#####d
005 20241111150333.0
245 0 0 |a Glaciar Perito Moreno. 
300 |a 49'. 
490 0 |a Rutas argentinas 
500 |a En soporte VHS, consultar en ventanilla. 
505 0 |a Recorrido por el Parque Nacional Los Glaciares. El glaciar Perito Moreno. El Calafate. Lago argentino. Excursiones, trekking. El glaciar Upsala. Etc. 
538 |a Soporte: VHS - Norma: Pal N - Color: Si - Grabación DRD 2001 - Hitachi=0000 
082 9 1 |/ TUR-2 
653 |a GEOGRAFIA ARGENTINA 
653 |a TURISMO 
653 |a PERITO MORENO 
653 |a GLACIARES 
653 |a PARQUES NACIONALES 
653 |a CALAFATE 
653 |a LAGO ARGENTINO 
653 |a UPSALA 
653 |a NIVEL PRIMARIO 
653 |a NIVEL SECUNDARIO 
859 |a CEMS  |b BIB. CEMS - Depto. Recursos Didacticos  |h 918  |i TUR-2  |k DRD  |p 1254.12  |t Ej.1